[Event "Tenerife-chT Primera"]
[Site "Tenerife"]
[Date "2023.04.29"]
[Round "12"]
[White "Montoro Salvatierra, Pedro"]
[Black "Diaz Luiz, Pedro"]
[Result "1-0"]
[WhiteElo "1621"]
[BlackElo "1617"]
[PlyCount "68"]
[EventDate "2023.01.14"]
[EventType "team-tourn"]
[EventRounds "14"]
[EventCountry "ESP"]
[SourceTitle "EXT 2024"]
[Source "ChessBase"]
[SourceDate "2023.10.10"]
[SourceVersion "1"]
[SourceVersionDate "2023.10.10"]
[SourceQuality "1"]
[WhiteTeam "Caissa Enroque II"]
[BlackTeam "Al Shah Mat Los Realejos II"]
[WhiteTeamCountry "ESP"]
[BlackTeamCountry "ESP"]

1. d4 Nf6 2. Nf3 g6 3. c4 Bg7 4. Nc3 0-0 5. e4 d6 6. Bg5 c5 7. d5 Bg4 8. Be2 Nbd7 9. h3 Bxf3 10. Bxf3 a6 11. 0-0 Rb8 12. a4 Qb6 13. Qc2 Rfe8 14. Rfe1 h6 15. Be3 Qd8 16. Be2 e6 17. dxe6 Rxe6 18. Rad1 Qf8 19. Rd2 Rd8 20. Bf3 Ne5 21. Be2 Nc6 22. Red1 Nb4 23. Qb1 b6 24. f3 Nh5 25. Nd5 Nxd5 26. cxd5 Ree8 27. Bxa6 Be5 28. Bb5 Re7 29. Bf2 Qg7 30. Rc2 Qf6 31. Kf1 Nf4 32. Be2 Qg5 33. g3 Nxe2 34. Kxe2 f5 1-0

[Event "Tenerife-chT Primera 1920"]
[Site "Tenerife "]
[Date "2020.03.07"]
[Round "8.3"]
[White "Diaz Luiz, Pedro"]
[Black "Diaz Reyes, Franklin"]
[Result "0-1"]
[WhiteElo "1626"]
[BlackElo "1779"]
[PlyCount "60"]
[EventDate "2019.11.30"]
[EventType "team-tourn"]
[EventRounds "14"]
[EventCountry "ESP"]
[SourceTitle "CBM 195 Extra"]
[Source "ChessBase"]
[SourceDate "2020.05.31"]
[SourceVersion "1"]
[SourceVersionDate "2020.05.31"]
[SourceQuality "1"]
[WhiteTeam "Al Shah Mat Los Realejos II"]
[BlackTeam "Fundacion La Caja de Canarias II"]
[WhiteTeamCountry "ESP"]
[BlackTeamCountry "ESP"]

1. e4 e6 2. d4 d5 3. Nd2 dxe4 4. Nxe4 Bd7 5. Nf3 Bc6 6. Bd3 Nd7 7. Qe2 Ngf6 8. Bg5 Be7 9. 0-0-0 Bxe4 10. Bxe4 Nxe4 11. Bxe7 Nc3 12. Bxd8 Nxe2+ 13. Kd2 Nxd4 14. Bxc7 Rc8 15. Nxd4 Rxc7 16. Kc1 a6 17. Rd2 0-0 18. Re1 Nf6 19. f4 Rfc8 20. g3 g6 21. h3 Nd5 22. Kb1 h5 23. Rf1 Rd7 24. c3 Rcd8 25. Rf3 Ne7 26. Rg2 Kg7 27. g4 hxg4 28. hxg4 Nc6 29. Nxc6 bxc6 30. Kc2 a5 0-1

[Event "Tenerife-chT Segunda 1617"]
[Site "Tenerife"]
[Date "2017.02.04"]
[Round "6.3"]
[White "Diaz Luiz, Pedro"]
[Black "Rodriguez Torres, Cristo"]
[Result "0-1"]
[WhiteElo "1814"]
[BlackElo "1832"]
[PlyCount "75"]
[EventDate "2016.12.10"]
[EventType "team-tourn"]
[EventRounds "15"]
[EventCountry "ESP"]
[SourceTitle "CBM 176 Extra"]
[Source "ChessBase"]
[SourceDate "2017.03.02"]
[SourceVersion "1"]
[SourceVersionDate "2017.03.02"]
[SourceQuality "1"]
[WhiteTeam "Al Shah Mat Los Realejos II"]
[BlackTeam "Circulo de Amistad"]
[WhiteTeamCountry "ESP"]
[BlackTeamCountry "ESP"]

1. d4 Nf6 2. c4 d6 3. Nc3 Bf5 4. Nf3 h6 5. e3 Nbd7 6. Be2 c6 7. 0-0 Qc7 8. b3 e5 9. Bb2 Be7 10. Nd2 0-0 11. Rc1 a6 12. b4 Rac8 13. b5 Qb8 14. a4 d5 15. c5 b6 16. bxc6 Rxc6 17. Bxa6 bxc5 18. Bb5 Rb6 19. Nf3 e4 20. Nd2 cxd4 21. exd4 Ng4 22. g3 Ndf6 23. Qe2 Bd6 24. Nd1 h5 25. Ne3 Nxe3 26. fxe3 Bg4 27. Qg2 Nh7 28. h3 Be6 29. Rf4 Bxf4 30. gxf4 Rxb5 31. axb5 Qxb5 32. Nxe4 Bxh3 33. Nc3 Bxg2 34. Nxb5 Be4 35. Nd6 Nf6 36. Ba3 Rd8 37. Rc8 Rxc8 38. Nxc8 0-1